Cities in Japan - Sudden Death - Statistics

General Stats
  • This quiz has been taken 74 times
  • The average score is 12 of 15
Answers on the Grid
Answers color-coded by a green-red scale on the quiz's grid according to % correct below.
Anshan
Bucaramanga
Chiang Mai
Daejeon
Enugu
Fukuoka
Hamamatsu
Handan
Hiroshima
Kawasaki
Kitakyushu
Kobe
Kumamoto
Kumasi
Kyoto
Nagoya
Nanchong
Nandaime
Niigata
Omaha
Osaka
Sakai
Sapporo
Sendai
Shantou
Taipei
Tianjin
Tokyo
Varanasi
Yangon
 
Answer Stats
Answer % Correct
Hiroshima
95%
Kyoto
94%
Kobe
89%
Fukuoka
87%
Kawasaki
87%
Nagoya
86%
Osaka
86%
Tokyo
86%
Sapporo
79%
Kumamoto
75%
Hamamatsu
73%
Kitakyushu
65%
Sendai
65%
Niigata
63%
Sakai
54%
No matching quizzes found
Score Distribution
Percent of People with Each Score
Percentile by Number Answered
Your Score History
You have not taken this quiz